| 000 | 00720nam a2200265Ia 4500 | ||
|---|---|---|---|
| 003 | OSt | ||
| 005 | 20220925203436.0 | ||
| 006 | a|||||r|||| 00| 0 | ||
| 007 | ta | ||
| 008 | 220923b |||||||| |||| 00| 0 eng d | ||
| 020 | _a82230337 | ||
| 037 | _cGeneral Book | ||
| 040 |
_aRTL _cRTL _beng |
||
| 041 |
_2eng _aeng |
||
| 082 | _aX:76:(B), L5 | ||
| 100 |
_aGreenhut M, L. _9266040 |
||
| 245 | 0 | _aTheory of spatial pricing and market areas | |
| 260 |
_aDurhan _bDuke University Press _c1975 |
||
| 300 |
_axiv,262p. _ccm. |
||
| 650 | _a Economics | ||
| 650 | _aPrice | ||
| 700 |
_a Ohta H. _9266041 |
||
| 942 |
_hX:76:(B), L5 _cGB _2CC |
||
| 999 |
_c546456 _d546456 |
||